[Event "Euskadi ch"]
[Site "Portugalete (Bizkaia)"]
[Date "2004.04.15"]
[Round "6.4"]
[White "Agirretxe San Sebastian, Jesus"]
[Black "Fernandez, Gerardo"]
[Result "1-0"]
[WhiteElo "2155"]
[BlackElo "2228"]
[PlyCount "155"]
[EventDate "2004.04.13"]
[Source "AjedrezVasco.co"]
[SourceDate "2004.04.18"]

1. d4 Nf6 2. c4 c5 3. Nf3 cxd4 4. Nxd4 e5 5. Nb5 d5 6. cxd5 Bb4+ 7. N1c3 O-O 8.
a3 Bc5 9. b4 Bb6 10. Na4 a5 11. Bb2 axb4 12. axb4 Na6 13. Nac3 Bd7 14. e3 Nxb4
15. Rxa8 Qxa8 16. Be2 Rd8 17. e4 Qa5 18. Qb1 Bxb5 19. Bxb5 Bd4 20. O-O Rc8 21.
Rc1 Qb6 22. Be2 Bxf2+ 23. Kh1 Be3 24. Rd1 Bd4 25. Na4 Qa5 26. Ba3 Qxa4 27. Bxb4
Qc2 28. Bf3 Qxb1 29. Rxb1 b6 30. Be7 $11 Nd7 31. Bg4 Rc7 32. d6 Ra7 33. g3 g6
34. h4 h5 35. Be2 Kg7 36. Bc4 Ra4 37. Bb5 Ra7 38. Rf1 Nc5 39. Be8 Ra8 40. d7
Nxd7 41. Bxd7 Ra7 42. Bf6+ Kf8 43. Rc1 Ra1 44. Rxa1 Bxa1 45. Kg2 Bd4 46. Kf3
Bc3 47. Ke2 Bd4 48. Bc6 Bc3 49. Kd3 Bd4 50. Kc4 Bb2 51. Kd5 Ba3 52. Bxe5 Ke7
53. Bd4 Bd6 54. e5 Bc7 55. Be3 f6 56. Bf4 fxe5 57. Bxe5 Bd8 58. Bb5 Kf7 59. Bf4
Bf6 60. Bc4 Bc3 61. Bb3 Kf6 62. Bc2 b5 63. Bg5+ Kf7 64. Kc6 b4 65. Bb3+ Kg7 66.
Kd6 Be1 67. Bf4 Kf6 68. Bc2 Bc3 69. Bg5+ Kf7 70. Bb3+ Kg7 71. Ke6 Bd4 72. Bf4
Bf2 73. Be5+ Kh6 74. Kf6 Be3 75. Bf4+ Bxf4 76. gxf4 Kh7 77. Kg5 Kg7 78. Bc2 1-0

[Event "Euskadi ch"]
[Site "Portugalete (Bizkaia)"]
[Date "2004.04.15"]
[Round "6.5"]
[White "Navarrete Delgado, Sergio"]
[Black "Diez Fraile, David"]
[Result "1/2-1/2"]
[WhiteElo "2165"]
[BlackElo "2163"]
[PlyCount "83"]
[EventDate "2004.04.13"]
[Source "AjedrezVasco.co"]
[SourceDate "2004.04.18"]

1. e4 c5 2. Nf3 d6 3. d4 cxd4 4. Nxd4 Nf6 5. Nc3 a6 6. Be3 e5 7. Nb3 Be7 8. f4
b5 9. Nd5 Nbd7 10. Qf3 Nxd5 11. exd5 O-O 12. f5 Bg5 13. O-O-O e4 14. Qg3 Bxe3+
15. Qxe3 Ne5 16. g4 Nxg4 17. Qf4 Qh4 18. Nd2 Qh6 19. Qxg4 e3 20. Bd3 exd2+ 21.
Rxd2 Bd7 22. Rg1 Kh8 23. Kb1 Rg8 24. Rdg2 Rae8 25. Rg3 Re3 26. Rxe3 Qxe3 27. a3
Qe5 28. Qh4 Re8 29. f6 g6 30. Qh6 Qxf6 31. Rf1 Qg7 32. Qf4 Re5 33. Qxf7 Re1+
34. Ka2 Rxf1 35. Qxf1 Kg8 36. Qf4 Qe5 37. Qxe5 dxe5 38. a4 Kf7 39. axb5 axb5
40. Kb3 Ke7 41. c4 Kd6 42. Bf1 1/2-1/2

[Event "Euskadi ch"]
[Site "Portugalete (Bizkaia)"]
[Date "2004.04.15"]
[Round "6.6"]
[White "Hernandez Perez, Jesus"]
[Black "Alonso Alonso, Ivan"]
[Result "1/2-1/2"]
[WhiteElo "2088"]
[BlackElo "2190"]
[PlyCount "91"]
[EventDate "2004.04.13"]
[Source "AjedrezVasco.co"]
[SourceDate "2004.04.18"]

1. e4 c5 2. Nf3 Nc6 3. Nc3 Nf6 4. d4 cxd4 5. Nxd4 e5 6. Ndb5 d6 7. Bg5 a6 8.
Na3 b5 9. Nd5 Be7 10. Nxe7 Qxe7 11. c4 b4 12. Nc2 O-O 13. Bd3 Qe6 14. Bxf6 Qxf6
15. O-O Qg5 16. Qf3 a5 17. Qg3 Qxg3 18. hxg3 a4 19. b3 axb3 20. axb3 Bb7 21. f3
Rfb8 22. Rxa8 Rxa8 23. Ra1 Rxa1+ 24. Nxa1 Nd4 25. Nc2 Nc6 26. Kf2 Kf8 27. Ne3
Nd4 28. Nc2 Nxb3 29. Nxb4 Ke7 30. Bc2 Na5 31. Bd3 Kd8 32. Ke3 Kc7 33. Kd2 Kb6
34. Kc3 Kc5 35. Be2 Bc8 36. Nd3+ Kb6 37. Kb4 Nc6+ 38. Kc3 g6 39. g4 Nd4 40. Bd1
f5 41. gxf5 gxf5 42. exf5 Nxf5 43. Kd2 Be6 44. g4 Nd4 45. Kc3 Nc6 46. Ba4
1/2-1/2

[Event "Euskadi ch"]
[Site "Portugalete (Bizkaia)"]
[Date "2004.04.15"]
[Round "6.7"]
[White "Manso Marquez, Felix"]
[Black "Ayesta Perojo, Enrique"]
[Result "1/2-1/2"]
[WhiteElo "2097"]
[BlackElo "2069"]
[PlyCount "48"]
[EventDate "2004.04.13"]
[Source "AjedrezVasco.co"]
[SourceDate "2004.04.18"]

1. d4 Nf6 2. c4 c5 3. d5 b5 4. cxb5 a6 5. bxa6 Bxa6 6. Nc3 d6 7. Nf3 g6 8. e4
Bxf1 9. Kxf1 Bg7 10. g3 O-O 11. Kg2 Nbd7 12. Re1 Ra6 13. e5 dxe5 14. Nxe5 Nxe5
15. Rxe5 Rd6 16. Bf4 e6 17. Re2 Rd7 18. Be3 Nxd5 19. Nxd5 Rxd5 20. Qc2 Qa8 21.
Kg1 Rb8 22. Qc1 Qb7 23. Rb1 Qa6 24. Rc2 Bf8 1/2-1/2

[Event "Euskadi ch"]
[Site "Portugalete (Bizkaia)"]
[Date "2004.04.15"]
[Round "6.11"]
[White "Rodriguez Gonzalez, Alex"]
[Black "Virto Alustiza, Aingeru"]
[Result "1/2-1/2"]
[WhiteElo "2013"]
[BlackElo "2035"]
[PlyCount "22"]
[EventDate "2004.04.13"]
[Source "AjedrezVasco.co"]
[SourceDate "2004.04.18"]

1. e4 Nf6 2. Nc3 e5 3. f4 Nc6 4. fxe5 Nxe5 5. d4 Ng6 6. e5 Ng8 7. Nf3 d6 8. Bd3
Bg4 9. Qe2 Be7 10. Bxg6 hxg6 11. Bf4 Nh6 1/2-1/2

[Event "Euskadi ch"]
[Site "Portugalete (Bizkaia)"]
[Date "2004.04.15"]
[Round "6.12"]
[White "Urbieta Gabancho, Koldo"]
[Black "Martinez Pelaez, David"]
[Result "1/2-1/2"]
[WhiteElo "2009"]
[BlackElo "2042"]
[PlyCount "44"]
[EventDate "2004.04.13"]
[Source "AjedrezVasco.co"]
[SourceDate "2004.04.18"]

1. e4 c6 2. d4 b5 3. c4 bxc4 4. Bxc4 Ba6 5. Qd3 e6 6. Bxa6 Qa5+ 7. Bd2 Qxa6 8.
Qxa6 Nxa6 9. a3 Nf6 10. Nc3 Be7 11. b4 Nc7 12. Nge2 O-O 13. Bf4 Nb5 14. O-O a5
15. Nxb5 cxb5 16. f3 axb4 17. axb4 Bxb4 18. Rab1 Ra4 19. Rfd1 d5 20. e5 Nd7 21.
Be3 Nb6 22. Nc1 Nc4 1/2-1/2